00425nam a2200121Ia 4500008004100000024004800041082001800089100005600107245005500163260002600218600002100244650003800265260210s9999 xx 000 0 und d a15B-051-BS, 15B-003-BS & 15B-058-BS a004.39072 AHM aAhmed Abdullah, Muhammad Osama & Syed Ali Hamza 0aHome Automation with Power Consumption (CODE BOOK) aKarachi:bUITU,c2015 aComputer Science aBachelor of Computer Science (BS)